Rossija v ogne graždanskoj vojny podlinnaja istorija camoj strašnoj bratoubijstvennoj vojny

Gespeichert in:
Bibliographische Detailangaben
1. Verfasser: Gasparjan, Armen
Format: Buch
Sprache:Russisch
Veröffentlicht: Moskva Izdateľstvo "E" 2016
Schriftenreihe:Tajnyje smysly
Schlagworte:
Tags: Tag hinzufügen
Keine Tags, Fügen Sie das erste Tag hinzu!

MARC

LEADER 00000nam a2200000 4500
001 0222816
005 20240314103525.5
020 |a 978-5-699-88599-2 
041 0 |a rus 
044 |a RU 
245 1 0 |a Rossija v ogne graždanskoj vojny  |b podlinnaja istorija camoj strašnoj bratoubijstvennoj vojny  |c Armen Gasparjan 
264 1 |a Moskva  |b Izdateľstvo "E"  |c 2016 
300 |a 317 s. 
490 1 |a Tajnyje smysly 
830 0 |a Tajnyje smysly 
610 2 0 |a história 
610 2 0 |a vojny 
610 2 0 |a Rusko 
100 1 |a Gasparjan, Armen